Loading...
| History - American | 0 | 5 | 0 | 1 | 50 | 63 | 93.40 | 0 | 2 | 0.00 | 0.00 |
| History - World | 0 | 3 | 0 | 2 | 30 | 65 | 91.00 | 1 | 2 | 0.00 | 0.00 |
| Pop Culture | 0 | 2 | 0 | 1 | 20 | 41 | 45.50 | 0 | 1 | 0.00 | 0.00 |
| Social Science | 0 | 2 | 0 | 2 | 20 | 126 | 128.00 | 0 | 0 | 0.00 | 0.00 |
| History - Other | 0 | 2 | 1 | 0 | 15 | 111 | 114.50 | 0 | 0 | 0.00 | 0.00 |
| Fine Arts - Classical Music | 0 | 1 | 0 | 1 | 10 | 128 | 128.00 | 0 | 0 | 0.00 | 0.00 |
| Fine Arts - Other | 0 | 1 | 0 | 0 | 10 | 97 | 97.00 | 0 | 1 | 0.00 | 0.00 |
| Literature - American | 0 | 1 | 0 | 1 | 10 | 142 | 142.00 | 0 | 0 | 0.00 | 0.00 |
| Science - Biology | 0 | 1 | 0 | 0 | 10 | 87 | 87.00 | 0 | 1 | 0.00 | 0.00 |
| Science - Physics | 0 | 1 | 0 | 0 | 10 | 106 | 106.00 | 0 | 0 | 0.00 | 0.00 |
| History - European | 0 | 1 | 1 | 0 | 5 | 42 | 42.00 | 0 | 1 | 0.00 | 0.00 |
| Science - Chemistry | 0 | 1 | 1 | 1 | 5 | 121 | 121.00 | 0 | 0 | 0.00 | 0.00 |
| Mythology | 0 | 1 | 1 | 1 | 5 | 128 | 128.00 | 0 | 0 | 0.00 | 0.00 |
| Religion | 0 | 1 | 1 | 0 | 5 | 106 | 106.00 | 0 | 1 | 0.00 | 0.00 |